Concurrent programming on windows (Record no. 184901)
[ view plain ]
| 000 -LEADER | |
|---|---|
| fixed length control field | 00425nam a2200157Ia 4500 |
| 005 - DATE AND TIME OF LATEST TRANSACTION | |
| control field | 20250320094642.0 |
| 008 - FIXED-LENGTH DATA ELEMENTS--GENERAL INFORMATION | |
| fixed length control field | 231217s9999 xx 000 0 und d |
| 020 ## - INTERNATIONAL STANDARD BOOK NUMBER | |
| International Standard Book Number | 9788131729809 |
| 082 ## - DEWEY DECIMAL CLASSIFICATION NUMBER | |
| Classification number | 001.6424WIN DUF;1 |
| 100 ## - MAIN ENTRY--PERSONAL NAME | |
| Personal name | Duffy, Joe. |
| 245 #0 - TITLE STATEMENT | |
| Title | Concurrent programming on windows |
| 260 ## - PUBLICATION, DISTRIBUTION, ETC. (IMPRINT) | |
| Date of publication, distribution, etc. | 2010 |
| Name of publisher, distributor, etc. | Pearson Education |
| Place of publication, distribution, etc. | New Delhi |
| 300 ## - PHYSICAL DESCRIPTION | |
| Extent | xxix, 958 |
| 650 ## - SUBJECT ADDED ENTRY--TOPICAL TERM | |
| Topical term or geographic name as entry element | Concurrent,programming,windows |
| 942 ## - ADDED ENTRY ELEMENTS (KOHA) | |
| Koha item type | Books |
| Date last seen | Total Checkouts | Full call number | Accession number | Old discount | Cost, replacement price | Price effective from | Category | Lost status | Damaged status | Department | Withdrawn status | bill no. | bill date | Permanent Location | Current Location | Shelving location | Entry date | Vendor | Cost, normal purchase price | Grants | Currency symbol | Conversion rate | Discount | Discount type |
|---|---|---|---|---|---|---|---|---|---|---|---|---|---|---|---|---|---|---|---|---|---|---|---|---|
| 26/01/2024 | 001.6424WIN DUF;1 | 57708 | 25 | 637.50 | 26/01/2024 | Books | Central Library | 11 | 11/10/2013 | Central Library | Central Library | Central Library | 23/12/2009 | Sapna Book House | 850.00 | CS | RS | 1 | 212.5 | Rupees | ||||
| 26/01/2024 | 001.6424WIN DUF;2 | 58435 | 25 | 637.50 | 26/01/2024 | Books | Central Library | SBH/CRB/000523 | 03/02/2014 | Central Library | Central Library | Central Library | 26/02/2010 | Sapna Book House | 850.00 | CS | RS | 1 | 212.5 | Rupees |
